Gamblers and gourmets are transforming high street (Record no. 83155)

MARC details
000 -LEADER
fixed length control field 01001cab a22001935a 4500
001 - CONTROL NUMBER
control field L152994
008 - FIXED-LENGTH DATA ELEMENTS--GENERAL INFORMATION
fixed length control field 110523e20110520xxk 000 0 eng d
035 ## - SYSTEM CONTROL NUMBER
System control number (Sirsi) u152994
041 0# - LANGUAGE CODE
Language code of text/sound track or separate title eng
100 1# - MAIN ENTRY--PERSONAL NAME
Personal name Hopkinson, Matthew
245 00 - TITLE STATEMENT
Title Gamblers and gourmets are transforming high street
260 ## - PUBLICATION, DISTRIBUTION, ETC.
Date of publication, distribution, etc. 2011
490 #0 - SERIES STATEMENT
Series statement Property Week
Volume/sequential designation 77(20) 20 May 2011, 36(1)
520 ## - SUMMARY, ETC.
Summary, etc. Maps the changing high street retail landscape as many specialist retailers relocate from secondary to primary pitches as landlords struggle with high vacancy rates. There has been a prolific growth in betting outlets, convenience stores, specialst food shops, pawnbrokers, pound stores and charity shops. Tables cover bookies by region and top 10 towns, top gambling fascias by number of shops, growth of gourmet food shops and top towns for growth March 2010-2011.
590 ## - LOCAL NOTE (RLIN)
Local note KA
651 #4 - SUBJECT ADDED ENTRY--GEOGRAPHIC NAME
Geographic name United Kingdom
Chronological subdivision
690 ## - LOCAL SUBJECT ADDED ENTRY--TOPICAL TERM (OCLC, RLIN)
Topical term or geographic name as entry element PROPERTY-COMMERCIAL PROPERTY-COMMERCIAL PROPERTY FINANCE AND INVESTMENT
942 ## - ADDED ENTRY ELEMENTS (KOHA)
Suppress in OPAC 0
Holdings
Withdrawn status Lost status Source of classification or shelving scheme Damaged status Not for loan Home library Current library Shelving location Date acquired Total Checkouts Full call number Barcode Date last seen Copy number Price effective from Koha item type
    Dewey Decimal Classification     London London Journal article 23/05/2011   L152994 152994-1001 06/08/2019 1 06/08/2019 Journal article